000 00459nam a2200181Ia 4500
001 19274
005 20260306171732.0
008 260306s9999||||xx |||||||||||||| ||und||
041 _aESP
082 _a658.827
_bV935
100 _aVela Valencia, Milton
_eAUT
245 0 _aDe la atracción a la confianza:
_bmarketing y reputación
260 _c2017
300 _a201 páginas :
_c23 cm.
650 _aGEN
654 _aCAN
942 _cLIB
_dJUS
_fJUS
_2ddc
_n
999 _c19274
_d19274